[Event "Turnier 40 / 120"]
[Site "Wien"]
[Date "2023.11.06"]
[Round "45"]
[White "Novag Star Diamond – 25 MHZ"]
[Black "Mephisto Magellan – 20 MHZ"]
[Result "1-0"]
[BlackElo "2233"]
[WhiteElo "2161"]

{Analyse ------> Stockfish 16} 1. d4 d5 2. c4 e6 3. Nc3 Nf6 4. Bg5 c6
{Buchende} 5. cxd5 exd5 {Buchbewertung Mephisto Magellan: +0,5} 6. Qc2
{Buchende} Nbd7 7. e3 {Buchbewertung Novag Star Diamond: -0,03 / lt.
Stockfish steht Weiss eine Nuance besser mit ca. +0,20} Bd6 8. Nf3 h6 9.
Bh4 O-O 10. Bd3 Re8 11. O-O Be7 12. Bg3 Nf8 13. Rfc1 Nh5 14. Ne2 {besser
ist Le5} Bg4 {besser ist Sxg3} 15. Ne5 Bxe2 16. Bxe2 Nxg3 17. hxg3 Bd6 18.
Nf3 Nh7 19. Nh4 Ng5 20. Nf5 Bc7 21. Qb3 {besser ist Ld3, Stockfish -1,00}
Rb8 22. Bd3 Ne4 23. Qa3?? {ein Verlustzug, danach geht nach g6 der weisse
Springer verloren, Stockfish -3,30, danach müsste Weiss Sxh6 spielen, für
einen Oldie kaum zu sehen ist allerdings, dass nach Sh4, Sxf2 !!! gewinnt,
würde fast bezweifeln, dass überhaupt irgendein Oldie das sieht.} Qg5?
{Magellan durchschaut es nicht, der Textzug büsst ca. 2 Bauerneinheiten
ein, Stockfish +1,30} 24. Bxe4 Rxe4? {ein schwacher Zug, der den Vorteil
von Schwarz mehr als halbiert, Stockfish +0,60, nötig ist dxe4} 25. Nh4 a6
26. Nf3 Qf6 27. Qc5? {besser ist Db3, Stockfish -1,00} Bd6 28. Qb6 Re7 29.
Ne1? {ein schlechter Zug, danach steht Schwarz bereits klar besser,
Stockfish -1,80, deutlich besser ist a4 mit ca. -1,00} Qg6? {klar schwächer
als h5, Stockfish +1,00} 30. Rc3 Bc7 {besser ist h5, Stockfish +0,70} 31.
Qa7 {besser ist Db3, Stockfish -1,00} Qh5? {das bringt gar nichts, deutlich
besser ist h5, Stockfish +0,20} 32. Nd3? {ein schwacher Zug, deutlich
vorzuziehen ist b4, Stockfish -0,80} Bd6 33. Re1 Qg6 34. Qb6 Bc7 35. Qc5
Rbe8 36. Qb4? {ein schlechter Zug, klar zu bevorzugen ist Tb3, Stockfish
-1,10} Bd6 37. Nc5? {ein schlechter Zug, danach steht Schwarz bereits klar
besser, Stockfish -1,70, deutlich besser ist Db3} Rb8? {ein schlechter Zug,
der den Grossteil des Vorteiles verspielt, nötig war h5, Stockfish +0,60}
38. Qb6 Qg5 39. Rec1? {ein schlechter Zug, deutlich besser ist Db3,
Stockfish -1,50} Qg4? {das bringt gar nichts und verspielt praktisch den
gesamten Vorteil, Stockfish +0,20, nötig war h5} 40. Qb3 Kh8? {ohne Worte}
41. Qd1 Qxd1+ 42. Rxd1 Kh7 43. Kf1 Kg6 44. Ke2 Rbe8 45. Rh1 a5 46. Rc2 Kg5
47. Rh4 g6 48. Rc3 h5 49. Kd2 Kh6 50. Rc2 f6 51. Kd3? {ein schlechter Zug,
Stockfish -1,20, nötig war Th3 mit Ausgleich} f5? {das bringt keinerlei
Vorteil für Schwarz, nötig war Lxg3 !, das ist aber wirklich nicht leicht
zu sehen} 52. Rc3? {ein schlechter Zug, danach ist Schwarz klar im Vorteil,
Stockfish -1,70, wieder war Th3 nötig} g5? {verpasst neuerlich klaren
Vorteil, nötig war b6, Stockfish +0,20} 53. Rh3? {ein schwacher Zug, nötig
war Th1, Stockfish -1,20} Kg6? {es geht stendig hin und her, weg ist der
Vorteil, wieder war Lxg3 nötig, aber gleicher Kommentar, sehr schwer zu
sehen} 54. Rc1 Rb8 55. Rhh1 Ra8 56. Na4 Rae8 57. Nc5 Rc8 {auch hier war
Lxg3 besser hier allerdings nur mit geringem Vorteil mit ca. +0,50, nach
dem Textzug ist die Stellung im Lot} 58. Rc2 Ra8 59. Na4 Rd8 60. Nc5 Rc8
61. Kd2 Ra8 62. b3 Rd8 63. a3 Rf8 64. Ke2 Rb8 65. Ra1 f4! 66. gxf4 gxf4 67.
Rh1 fxe3 68. fxe3 Kg5 69. Rf1 b6 70. Na4 Rbe8 71. Rf3 Rc7 72. Kd3 Rec8 73.
Rf1 Re8 74. Rf3 Rec8 75. Rcf2 Rb7?? {ein Verlustzug, Stockfish -3,00, nötig
war Tg8 mit Ausgleich} 76. Rf5+ Kh4 77. Rf6! Bxa3 78. Rg6 Rf8 79. Rxf8??
{ein ganz schlechter Zug, der mehr als 2/3 des Vorteiles verspielt,
Stockfish +0,70, nötig war Ta2 mit ca. +3,00} Bxf8 80. Rxc6 b5 81. Nb6
Rg7?? {ein Verlustzug, Stockfish -3,30, nötig war Kg3 und Weiss wäre nur
noch knapp mit ca. -0,30 im Vorteil gewesen} 82. Nxd5 Rxg2 83. Nf4 Rf2 84.
d5 {da ist nichts mehr zu machen für Schwarz, Stockfish -5,00} Bb4 85. Ke4
a4 86. bxa4 bxa4 87. Nd3 {Rest geschenkt} 1-0
[/pgn]
[pgn]

[Event "Turnier 40 / 120"]
[Site "Wien"]
[Date "2023.11.07"]
[Round "46"]
[White "Mephisto Magellan – 20 MHZ"]
[Black "Novag Star Diamond – 25 MHZ"]
[Result "1-0"]
[BlackElo "2161"]
[WhiteElo "2233"]

{Analyse -----> Stockfish 16
} 1. e4 c6 2. Nf3 d5 3. Nc3 {Buchende} dxe4
4. Nxe4 {Buchbewertung Mephisto Magellan: 0,0} Nf6 5. Nxf6+ gxf6 {Buchende}
6. d4 Bg4 {Buchbewertung Novag Star Diamond: -0,03 lt. Stockfish steht
Weiss besser mit ca. +0,80} 7. c3 Qd5 8. Be2 Nd7 9. O-O O-O-O 10. c4 Qd6
{besser ist De4, Stockfish -1,00} 11. Be3 Rg8 12. d5 {deutlich besser ist
Da4, Stockfish +0,30} Kb8? {weit schwächer als f5, Stockfish -1,00} 13. Qa4
Nb6 14. Bxb6? {ein schwacher Zug, danach steht Weiss nur noch eine Nuance
besser mit ca. +0,30, deutlich besser ist Da5, danach wäre Weiss klar im
Vorteil gewesen mit ca. +1,20} axb6 15. Rfd1 Qc7?? {ein ganz schlechter
Zug, danach ist Weiss klar im Vorteil, Stockfish -1,70 mit der Fortsetzung
dxc6, deutlich besser ist Tc8 mit Ausgleich} 16. dxc6 Rxd1+ 17. Rxd1
bxc6??? {ein absolter Verlustzug, danach ist die Partie sofort verloren,
Stockfish -5,50 mit der Fortsetzung Sd4, nötig war Dxc6 mit ca. -1,70} 18.
Nd4! {Magellan: +1,8} Bxe2? {Novag Star Diamond sieht hier noch keine
Gefahr: -0,07 ? Stockfish -6,00} 19. Nxc6+ Qxc6 {Novag Star Diamond: -0,76}
20. Qxc6 Bxd1 21. Qxb6+ Kc8 22. Qc6+ Kd8 23. Qd5+ Kc7 24. Qxd1 {Rest
geschenkt} 1-0
[/pgn]
[pgn]

[Event "Turnier 40 / 120"]
[Site "Wien"]
[Date "2023.11.08"]
[Round "47"]
[White "Novag Star Diamond – 25 MHZ"]
[Black "Mephisto Magellan – 20 MHZ"]
[Result "0-1"]
[BlackElo "2233"]
[WhiteElo "2161"]

{Analyse -----> Stockfish 16} 1. f4 d5 2. Nf3 c5 3. e3 Nc6 4. Bb5 Bg4 5.
O-O e6 6. b3 Nf6 7. Bb2 Be7 8. d3 {Buchende} O-O {Buchende} 9. h3
{Buchbewertung Novag Star Diamond: +0,23} Bxf3 {Buchbewertung Mephisto
Magellan: 0,0 lt. Stockfish ist die Stellung etwa gleich.} 10. Rxf3 Qd6 11.
Nc3 {besser ist De2, Stockfish -0,60} a6 {besser ist Sb8, Stockfish +0,30}
12. Bxc6 Qxc6 13. Qe1 b5 14. Qg3 Nh5 15. Qg4 Nf6 16. Qg3 Rad8 17. Ne2 Rfe8
18. Be5 Nh5 19. Qg4 g6 20. Rf2 {nicht optimal, hier hätte Dxh5, gxh5, Tg3+,
Kf8, Lg7+ zum Dauerschach und Remis geführt (Magellan hätte das
vorgeschlagen), nach dem Textzug steht Schwarz etwas besser mit ca. +0,60}
Ng7 {besser ist d4, Stockfish +0,30} 21. Ng3? {ein schwacher Zug, deutlich
zu bevorzugen ist Df3, Stockfish -0,80} d4! {richtig} 22. Qf3 Qxf3 23. Rxf3
f6 24. Bc7 Rd7 25. Ba5 dxe3 26. Rxe3 Kf7 27. Re2 Rd5 {besser ist h5,
Stockfish +0,60} 28. Rae1? {ein schlechter Zug, danach ist Schwarz klar im
Vorteil, Stockfish -1,50, deutlich besser ist Sf1} b4! {richtig} 29. Re3???
{ein absoluter Verlustzug, danach ist die Partie sofort verloren, Stockfish
-4,00, nötig war Se4 mit ca. -1,50} Rc8??? {so aber nicht, ein
Katastrophenzug, der ca. 3/4 des Vorteiles verschenkt, Stockfish +1,00,
gewonnen hätte 29. c4} 30. a3? {ein schlechter Zug, der den Nachteil von
Weiss verdoppelt, nötig war c4, Stockfish -2,00} bxa3? {ein schlechter Zug,
der den Vorteil von Schwarz halbiert, Stockfish +1,00, deutlich besser ist
Tb8} 31. Bc3? {ein schwacher Zug deutlich besser ist c4 oder Ld2, Stockfish
-1,50} a2?? {ein grottenschlechter Zug, danach ist jeglicher Vorteil dahin,
nötig war 31. a5} 32. Ra1?? {aber auch Star Diamond greift neuerlich voll
daneben, ein Verlustzug, Stockfish -2,00, nötig war Tf3} c4! {na klar, was
sonst} 33. bxc4? {besser ist noch d4, Stockfish -2,60} Bc5 34. Nf1 Nf5!
{stark, der richtige Zug} 35. cxd5?? {deutlich mehr Widerstand leistet noch
Kf2, nach dem Textzug ist alles vorbei, Stockfish -4,00} Nxe3 36. dxe6+
Kxe6 37. d4 Bd6 38. f5+ Nxf5 39. Bb2 Rxc2 40. Rxa2 Re2 41. d5+ Kd7 42. g4
Nh4 43. Ne3 {es gibt nichts besseres mehr, Stockfish -7,00} Rxe3 {besser
ist zwar Ld3, aber nicht unverständlich bekommt ja sofort die ganze Figur,
Stockfish +6,00} 44. Rxa6 Rxh3 45. Bxf6 Rg3+ 46. Kh1 Nf3 47. Ra1 Rxg4 {Rest
geschenkt} 0-1
[/pgn]
[pgn]

[Event "Turnier 40 / 120"]
[Site "Wien"]
[Date "2023.11.12"]
[Round "48"]
[White "Mephisto Magellan - 20 MHZ"]
[Black "Novag Star Diamond - 25 MHZ"]
[Result "1-0"]
[BlackElo "2161"]
[WhiteElo "2233"]

{Analyse ------> Stockfish 16} 1. d4 d5 2. c4 dxc4 3. Nf3 Nf6 4. e3 Bg4 5.
Bxc4 e6 6. h3 Bh5 7. O-O Nbd7 8. Nc3 Bd6 9. e4 e5 10. Be2 O-O 11. Be3 Re8
{Buchende} 12. Nxe5 Bxe2 {Buchbewertung Novag Star Diamond: -0,11} 13. Qxe2
Nxe5 14. dxe5 Bxe5 15. f3 Qe7 16. Qc4 {Buchende} Qe6 17. Qxe6
{Buchbewertung Mephisto Magellan: +0,1 / lt. Stockfish steht Weiss minimal
besser mit ca. +0,30} fxe6 18. Rfd1 Rad8 19. Rxd8 Rxd8 20. Rd1 Rxd1+ 21.
Nxd1 Nh5 22. Bxa7 b6 23. Bb8? {ein Verlustzug, danach ist der Läufer auf
lange Sicht verloren, dafür reicht einfach die Rechentiefe nicht aus, nötig
war Kf1 und alles ist im Lot, Stockfish -2,00} Nf4?? {hier hat Novag Star
Diamond echt Riesenpech, denn er verwirft im Allerletzten Moment noch den
Gewinnzug 23. Kf7 wegen einer Bewertungsdifferenz von +0,04, er bewertet
Kf7 mit -1,15 und den Textzug im letzten Moment mit -1,11, eine fatale
Fehlentscheidung, die die Partie komplett auf den Kopf stellt, nach dem
Textzug ist Weiss bereits klar im Vorteil, Stockfish -1,50 (büsst ca. 3,5
Bauereinheiten ein)} 24. Nc3 Nd3? {deutlich besser ist Lxc3, Stockfish
-2,50} 25. Nb5 Nxb2 26. Bxc7 Bxc7 27. Nxc7 Kf7 28. Kf2 Nd1+ 29. Kg3 Nb2 30.
f4 Ke7 31. Kf3 Kd7 32. Nb5 e5 {Stockfish -4,00, da ist nichts mehr zu
retten für Schwarz} 33. fxe5 Ke6 34. Kf4 Nd3+ 35. Ke3 Nxe5 36. Nc7+ Kd7 37.
Nd5 b5 38. Nc3 b4 39. Nd5 Nc6 40. Kf4? {ein schwacher Zug, deutlich besser
ist natürlich Kd3 und einfach den B-Bauern abzuholen, aber natürlich
gewinnt auch der Textzug, Stockfish +3,50} Ke6 41. h4 g6?? {ein ganz
schlechter Zug, danach ist alles aus und hier beende ich dann die weitere
Kommentierung, deutlich mehr Widerstand leistet noch Kd6, Stockfish -6,50}
42. Kg5! Ke5 43. Nf6 Kd4 44. Nxh7 Kxe4 45. Nf6+ Ke5 46. Kxg6 {Rest
geschenkt} 1-0
[/pgn]
[pgn]

[Event "Turnier 40 / 120"]
[Site "Wien"]
[Date "2023.11.11"]
[Round "49"]
[White "Novag Star Diamond – 25 MHZ"]
[Black "Mephisto Magellan – 20 MHZ"]
[Result "0-1"]
[BlackElo "2233"]
[WhiteElo "2161"]

{Analyse ------> Stockfish 16} 1. Nf3 d5 2. c4 d4 3. g3 c5 {Buchende} 4. b4
cxb4 {Buchbewertung Mephisto Magellan: -0,1} 5. a3 bxa3 6. Bxa3 Nc6 7. d3
{Buchende} Nf6 8. Qa4 {Buchbewertung Novag Star Diamond: -0,76 / zu
pessimistisch, lt. Stockfish ist die Stellung exakt im Lot 0,00 (aber gut
natürlich hat Weiss einen Minusbauern)} Bd7 9. Nbd2 e5 10. c5??
{strategisch gesehen einfach eine Katastrophe, damit ist Schwarz alle
Sorgen los und kommt in der Folge problemlos zur Rochade, obendrein wird
das starke Feld d5 für den schwarzen Springer freigegeben, danach steht
Schwarz bereits klar besser, Stockfish -1,40, weit besser ist Lg2 mit
Ausgleich} Be7 11. Bg2 O-O 12. O-O Qc7 13. Rfc1 Nd5 {na klar das musste ja
kommen nach dem katastrophalen Zug 10.c5} 14. Ne4 Be6 15. Qb5 Qd7 16. Qb2
Rfb8 {besser ist Tab8} 17. Qd2? {weit schwächer als Sfg5, Stockfish -2,00}
b5 18. cxb6 Bxa3 19. Rxa3 axb6 20. Rxa8 Rxa8 21. Qc2 Ndb4? {der falsche
Springer, klar zu bevorzugen ist Scb4, Stockfish +1,50} 22. Qd2 {besser ist
Db2, Stockfish -1,80} f6 23. Qe1 Ra2 24. Ra1??? {also das ist einfach
absoluter Schwachsinn, danach ist die Partie natürlich sofort verloren, das
braucht man nicht grossartig zu erklären.} Nc2 {na klar alternativlos} 25.
Rxa2 Nxe1 26. Ra8+ Kf7 27. Nxe1 h6 28. Nf3 f5 29. Ned2 Kf6 30. Rf8+ Ke7 31.
Rh8 b5 32. Nh4 Kd6 33. f4? {besser ist noch Ta8, Stockfish -5,00} exf4 34.
gxf4 Qe7 35. Nhf3 b4 36. Kf1 Kc7 37. Bh1 b3 38. Ke1 b2 39. Bg2 Bd5 40. Rh7
Qb4 41. Rxg7+ Kc8 42. Kf2 Bxf3 43. Nb1 Bxg2 44. Rxg2 Qc5 45. Rg1 Qc1 {Rest
geschenkt} 0-1
[/pgn]
[pgn]

[Event "Turnier 40 / 120"]
[Site "Wien"]
[Date "2023.11.12"]
[Round "50"]
[White "Mephisto Magellan – 20 MHZ"]
[Black "Novag Star Diamond – 25 MHZ"]
[Result "0-1"]
[BlackElo "2161"]
[WhiteElo "2233"]

1. e4 c5 2. c3 Nf6 3. e5 Nd5 4. d4 cxd4 5. cxd4 d6 6. Nf3 Nc6 7. Nc3
{Buchende} dxe5 8. dxe5 {Buchbewertung Mephisto Magellan: -0,2} Ndb4 9. a3
Qxd1+ 10. Kxd1 Na6 {Buchende} 11. h3 Nc5 {Buchbewertung Novag Star Diamond:
-0,30 / lt. Stockfish etwa zutreffend, besser ist Le mit Ausgleich} 12. Nd5
Rb8 13. Be3 {besser ist b4, Stockfish -0,30} Nb3 14. Ra2 Bf5 15. Nc3? {ein
schwacher Zug, danach steht Schwarz besser, Stockfish -1,00, deutlich
besser ist Lc4 mit ca. -0,30} Rd8+ 16. Ke1 e6 {klar schwächer als g6,
Stockfish +0,50} 17. Nh4? {ein ganz schlechter Zug, danach steht Schwarz
bereits klar besser, Stockfish -1,40, nötig war Lb5} Bc2 18. Bb5? {jetzt
nicht mehr empfehlenswert, deutlich besser ist noch f4, nach dem Textzug
ist die Partie bereits verloren, zumindest wieder mal lt. Stockfish 16,
Stockfish -2,00} a6 19. Bxc6+ bxc6 20. f4 {besser ist noch Sf3, Stockfish
-2,50} Bc5 {weniger gut, deutlich besser ist Le7, Stockfish +1,80} 21. Ke2
{ein schlechter Zug, danach ist die Partie bereits klar verloren, Stockfish
-2,70, deutlich besser ist Lxc5} Bxe3 {besser ist Ld3+, Stockfish +2,20}
22. Kxe3 O-O 23. Nf3 Rd7 24. g4 Rfd8 25. h4 {besser ist noch Kf2, Stockfish
-2,80} Rd3+ 26. Kf2 a5 27. Ne1? {deutlich besser ist noch Kg2, Stockfish
-3,50} Rd2+ 28. Kg3 h5 29. Rg1 hxg4 30. Kxg4 Bf5+ 31. Kg5?? {spätestens
danach ist alles aus, Stockfish -7,00, deutlich besser ist noch Kg3,
verliert aber auch klar mit ca. -4,00} Kf8 {besser ist Tf2, spielt aber
keine Rolle mehr, Stockfish +6,00} 32. Rg3 Ke7 33. Ne4 Bxe4 34. Rxb3 Rd1
35. Rb7+ R8d7 36. Rxd7+ Kxd7 {Rest geschenkt} 0-1
[/pgn]